[Event "ZMDI Open 2014"]
[Site "Dresden GER"]
[Date "2014.08.20"]
[Round "6.27"]
[White "Peredy, Ferenc"]
[Black "Hahn, Florian"]
[Result "1/2-1/2"]
[WhiteTitle "IM"]
[WhiteElo "2210"]
[BlackElo "2133"]
[WhiteFideId "705985"]
[BlackFideId "24659720"]
[EventDate "2014.08.15"]

1. d4 d5 2. c4 dxc4 3. Nf3 Nf6 4. e3 Bg4 5. Bxc4 e6 6. h3 Bh5 7. Nc3 Nbd7 8. g4
Bg6 9. Bf1 Bb4 10. Bg2 Ne4 11. Qb3 c5 12. Nd2 Bxc3 13. bxc3 Nxd2 14. Bxd2 Rb8
15. O-O Bd3 16. Rfe1 c4 17. Qd1 h5 18. e4 hxg4 19. Qxg4 Nf6 20. Qg3 Nh5 21. Qg4
Nf6 22. Qg3 Nh5 23. Qe5 Rc8 24. f4 Qc7 25. Qg5 Qd8 26. Qg4 Nf6 27. Qg3 Nh5 28.
Qf2 O-O 29. f5 Qc7 30. Qh4 g6 31. Bf3 Qg3+ 32. Qxg3 Nxg3 33. Kf2 Nh5 34. Bxh5
gxh5 35. Rg1+ Kh7 36. Rg5 Rg8 37. Rxh5+ Kg7 38. Rg1+ Kf8 39. Rxg8+ Kxg8 40. Bf4
Kg7 41. Bh6+ Kf6 42. Ke3 Rg8 43. Kf4 Ke7 44. Bg5+ Ke8 45. h4 exf5 46. Kxf5 b5
47. Rh6 Rg6 48. Rxg6 fxg6+ 49. Kxg6 Bxe4+ 50. Kg7 Bf3 51. Bc1 Ke7 52. Ba3+ Ke6
53. Kg6 a5 54. Bf8 b4 55. cxb4 axb4 56. Bxb4 Kd5 57. Bc3 Ke4 58. h5 Kd3 59. Ba1
c3 60. a4 Kxd4 61. h6 Kc5 62. Bxc3 Be4+ 63. Kg7 Kb6 64. h7 Bxh7 65. Kxh7 Kb7 66.
Kg6 Ka7 67. Kf7 Kb7 68. Ke6 Ka7 69. Kd7 Kb7 70. Bd4 Kb8 71. Be5+ Kb7 72. Bc7 Ka7
73. Kc8 Ka8 74. Bd8 Ka7 75. a5 Ka8 1/2-1/2

[Event "ZMDI Open 2014"]
[Site "Dresden GER"]
[Date "2014.08.20"]
[Round "6.28"]
[White "Bassetti, Danilo"]
[Black "Reinemer, Frank"]
[Result "1/2-1/2"]
[WhiteElo "1965"]
[BlackElo "2203"]
[WhiteFideId "876623"]
[BlackFideId "4610849"]
[EventDate "2014.08.15"]

1. Nf3 f5 2. d4 Nf6 3. g3 g6 4. Bg2 Bg7 5. c4 O-O 6. O-O d6 7. Qc2 Qe8 8. Nc3 c6
9. b3 Na6 10. Ba3 Rb8 11. Bb2 b5 12. cxb5 cxb5 13. b4 Kh8 14. a3 Bb7 15. Rac1
Qd7 16. Qb3 e6 17. Rc2 Rfc8 18. Rfc1 Nc7 19. Nd2 Bxg2 20. Kxg2 Ncd5 21. Nxd5
Nxd5 22. Kg1 Nb6 23. Qa2 Rxc2 24. Rxc2 Rc8 25. Ba1 Rxc2 26. Qxc2 Qc8 27. Qxc8+
Nxc8 28. e3 Nb6 29. Kf1 Kg8 30. Ke2 Kf7 31. Kd3 d5 32. Bb2 Nc4 33. Bc1 Ke7 34.
Nb3 Nb6 35. Nc5 Bh6 36. Kc3 g5 37. Kb3 g4 38. a4 bxa4+ 39. Nxa4 Nc4 40. Nb2 Nxb2
41. Bxb2 Kd7 42. Ka4 Kc7 43. b5 Kb6 44. Ba3 a6 45. Bc5+ Kb7 46. Ka5 axb5 47.
Kxb5 Bg5 48. Bd6 Bd8 49. Kc5 Ba5 50. Bf4 Bc7 51. Be5 Bxe5 52. dxe5 Kc7 53. Kb5
Kb7 1/2-1/2

[Event "ZMDI Open 2014"]
[Site "Dresden GER"]
[Date "2014.08.20"]
[Round "6.29"]
[White "Syperek, Sebastian"]
[Black "Buechmann, Ole"]
[Result "1/2-1/2"]
[WhiteElo "2198"]
[BlackElo "2117"]
[WhiteFideId "4645758"]
[BlackFideId "4675053"]
[EventDate "2014.08.15"]

1. Nf3 d5 2. g3 Nf6 3. Bg2 e6 4. O-O Be7 5. d3 c5 6. Nbd2 Nc6 7. e4 O-O 8. Qe2
b5 9. e5 Nd7 10. Re1 a5 11. Nf1 Ba6 12. Bf4 1/2-1/2

[Event "ZMDI Open 2014"]
[Site "Dresden GER"]
[Date "2014.08.20"]
[Round "6.30"]
[White "Urban, Lars"]
[Black "Grigorian, Spartak"]
[Result "1/2-1/2"]
[WhiteElo "2064"]
[BlackElo "2183"]
[WhiteFideId "4644034"]
[BlackFideId "24661490"]
[EventDate "2014.08.15"]

1. d4 d6 2. c4 e5 3. Nf3 e4 4. Ng5 f5 5. g3 Be7 6. Nh3 Nf6 7. Bg2 c6 8. O-O O-O
9. Nc3 Na6 10. f3 Qe8 11. Bg5 Kh8 12. fxe4 fxe4 13. Nf2 Be6 14. d5 cxd5 15. Bxf6
Bxf6 16. cxd5 Bg8 17. Nfxe4 Be5 18. Rxf8 Qxf8 19. Qd3 Qd8 20. Qb5 Rb8 21. Rf1
Nc7 22. Qd3 b5 23. Nd2 Qe8 24. e4 Na6 25. Qe3 b4 26. Nd1 Nc7 27. Nc4 Nb5 28.
Nxe5 Qxe5 29. Qf4 Qd4+ 30. Kh1 Re8 31. Qf2 h6 32. Ne3 Bh7 33. Nf5 Bxf5 34. exf5
Qxf2 35. Rxf2 Re1+ 36. Bf1 Nc7 37. Kg1 Nxd5 38. Rd2 Ne3 39. Kf2 Rxf1+ 40. Kxe3
Rxf5 41. Rxd6 Ra5 42. Rd4 Rxa2 43. Rxb4 a5 44. Rb6 a4 45. h4 Kg8 46. Kf4 Kh7 47.
g4 Ra1 48. Ra6 Rf1+ 49. Kg3 Rg1+ 50. Kf4 Ra1 51. h5 Rf1+ 1/2-1/2

[Event "ZMDI Open 2014"]
[Site "Dresden GER"]
[Date "2014.08.20"]
[Round "6.31"]
[White "Hansch, Karsten"]
[Black "Schulz, Petra"]
[Result "1/2-1/2"]
[BlackTitle "WFM"]
[WhiteElo "2181"]
[BlackElo "2098"]
[WhiteFideId "24692239"]
[BlackFideId "4612663"]
[EventDate "2014.08.15"]

1. c4 g6 2. g3 Bg7 3. Bg2 d6 4. Nc3 e5 5. d3 f5 6. e3 Nc6 7. Nge2 Nf6 8. O-O h5
9. d4 e4 10. h4 Bh6 11. Nf4 Bxf4 12. exf4 O-O 13. d5 Ne7 14. Be3 b6 15. a3 Ng4
16. Bd4 Kh7 17. Re1 Ng8 18. b4 N8f6 19. Rc1 Bb7 20. Qd2 Qd7 21. Qa2 c5 22. dxc6
Bxc6 23. Red1 Qe6 24. Qe2 Rfe8 25. Qd2 Rad8 26. Bxf6 Qxf6 27. Qd4 Re6 28. Nd5
Bxd5 29. cxd5 Re7 30. Rc3 Kg7 31. Qxf6+ Nxf6 32. Kf1 Rdd7 33. Rc6 Kf7 34. Ke2
Ne8 35. Ke3 Rc7 36. Rdc1 Rxc6 37. Rxc6 Rc7 38. Rxc7+ Nxc7 39. f3 Nxd5+ 40. Kd4
exf3 41. Bxf3 Ne7 42. a4 Ke6 43. a5 d5 44. axb6 axb6 45. Bd1 Kd6 46. Ba4 1/2-1/2

[Event "ZMDI Open 2014"]
[Site "Dresden GER"]
[Date "2014.08.20"]
[Round "6.32"]
[White "Rudolf, Matthias"]
[Black "Stabolewski, Andreas"]
[Result "1/2-1/2"]
[WhiteElo "2092"]
[BlackElo "2181"]
[WhiteFideId "24609382"]
[BlackFideId "4617851"]
[EventDate "2014.08.15"]

1. e4 c5 2. Nf3 Nc6 3. d4 cxd4 4. Nxd4 Nf6 5. Nc3 d6 6. Bg5 e6 7. Qd2 a6 8.
O-O-O Bd7 9. f3 b5 10. Nxc6 Bxc6 11. Ne2 h6 12. Be3 Be7 13. Nd4 Rc8 14. Nxc6
Rxc6 15. Bd4 O-O 16. Kb1 Qc7 17. Bd3 Rc8 18. g4 Nd7 19. h4 Ne5 20. Bxe5 dxe5 21.
g5 h5 22. g6 fxg6 23. Rdg1 g5 24. hxg5 g6 25. f4 Bc5 26. Rf1 exf4 27. Rxf4 e5
28. Rf3 Rf8 29. Rhf1 Rxf3 30. Rxf3 Be7 31. Qe2 Bxg5 32. a4 bxa4 33. Bxa6 Rf6 34.
Rxf6 Bxf6 35. Bb5 a3 36. bxa3 Kg7 37. a4 Qc3 38. Be8 Qb4+ 39. Ka2 Be7 40. Qf1
Qa3+ 41. Kb1 Kh6 42. Qf7 Qb4+ 43. Ka2 Qa3+ 44. Kb1 Qd6 45. Ka2 h4 46. Bb5 h3 47.
Qf3 Qe6+ 48. Kb2 g5 49. Be2 Kg7 50. Qg3 1/2-1/2

[Event "ZMDI Open 2014"]
[Site "Dresden GER"]
[Date "2014.08.20"]
[Round "6.33"]
[White "Bohn, Ulrich"]
[Black "Ivanov, Alexander"]
[Result "0-1"]
[WhiteElo "2167"]
[BlackElo "1951"]
[WhiteFideId "4656105"]
[BlackFideId "1270683"]
[EventDate "2014.08.15"]

1. e4 c5 2. c3 d5 3. exd5 Qxd5 4. d4 Nf6 5. Nf3 Nc6 6. dxc5 Qxd1+ 7. Kxd1 Bg4 8.
Be3 Nd5 9. Kc2 e6 10. b4 a5 11. b5 Nxe3+ 12. fxe3 Bxf3 13. gxf3 Ne5 14. Bg2 Bxc5
15. f4 Ng4 16. Bxb7 Nxe3+ 17. Kb2 Rd8 18. a4 Ke7 19. Kb3 Kf6 20. Ra2 Kf5 21. Nd2
Bb6 22. Re1 Kxf4 23. Nc4 Nxc4 24. Re4+ Kf5 25. Rxc4 Rd6 26. Re2 g6 27. Rc6 Rxc6
28. bxc6 e5 29. Kc4 Rd8 30. Rb2 Bc7 31. Kc5 Ke6 32. c4 f5 33. Ba6 Rb8 34. Rxb8
Bxb8 35. Kb6 Kd6 36. c5+ Kd5 37. Bb7 Kc4 38. h4 e4 39. c7 Bxc7+ 40. Kxc7 Kxc5
41. Kd7 Kb4 42. Ke6 Kxa4 43. Kf6 Kb4 44. Kg7 a4 45. Kxh7 e3 0-1

[Event "ZMDI Open 2014"]
[Site "Dresden GER"]
[Date "2014.08.20"]
[Round "6.34"]
[White "Tennert, Simon"]
[Black "Martin, Julian"]
[Result "1-0"]
[WhiteElo "2153"]
[BlackElo "2052"]
[WhiteFideId "1270445"]
[BlackFideId "12941000"]
[EventDate "2014.08.15"]

1. e4 c5 2. Nf3 Nc6 3. d4 cxd4 4. Nxd4 e5 5. Nb5 d6 6. N1c3 a6 7. Na3 b5 8. Nd5
Nge7 9. c4 Nxd5 10. exd5 Nd4 11. Be3 Nf5 12. Bd2 Be7 13. Bd3 O-O 14. O-O Bf6 15.
Bc3 Ne7 16. Kh1 Rb8 17. Qd2 bxc4 18. Bxc4 Ng6 19. Nc2 Bg5 20. Qd1 Bf4 21. g3 Bg5
22. Nb4 Ra8 23. Nc6 Qd7 24. Qh5 Bf6 25. Bd3 Re8 26. Be4 Be7 27. Bg2 f5 28. f4 e4
29. Nd4 Bf6 30. Ne6 Bxc3 31. bxc3 Nf8 32. Qxf5 Nxe6 33. dxe6 Qxe6 34. Qxe6+ Rxe6
35. Rab1 Bd7 36. Rfd1 Bc6 37. Rb6 d5 38. Kg1 a5 39. c4 dxc4 40. Bf1 Kf8 41. Bxc4
Rf6 42. Kf2 Rc8 43. Ba6 Re8 44. Ke3 Ke7 45. Bb5 Rc8 46. Bxc6 Rfxc6 47. Rxc6 Rxc6
48. Rd4 Kf6 49. Kxe4 Rc2 50. Ra4 Rxh2 51. Rxa5 Rd2 52. Ra6+ Kf7 53. g4 Rb2 54.
a3 Rc2 55. a4 Ra2 56. Kf5 Ra1 57. Ra7+ Kf8 58. Ra5 Kf7 59. Ra7+ Kf8 60. g5 Ra2
61. a5 Ra1 62. a6 Ra2 63. Ke6 Re2+ 64. Kd6 Rd2+ 65. Kc7 Rd4 66. Kc6 Rxf4 67. Rb7
Rf1 68. a7 Rc1+ 69. Kd5 Rd1+ 70. Ke4 1-0

[Event "ZMDI Open 2014"]
[Site "Dresden GER"]
[Date "2014.08.20"]
[Round "6.35"]
[White "Hansch, Torsten"]
[Black "Schnoor, Ekkehard"]
[Result "1/2-1/2"]
[WhiteTitle "CM"]
[WhiteElo "2117"]
[BlackElo "2165"]
[WhiteFideId "4622600"]
[BlackFideId "24639753"]
[EventDate "2014.08.15"]

1. d4 Nf6 2. c4 g6 3. Nc3 Bg7 4. e4 O-O 5. Nf3 d6 6. Be2 e5 7. dxe5 dxe5 8. Qxd8
Rxd8 9. Bg5 Re8 10. Nd5 Nxd5 11. cxd5 c6 12. Bc4 1/2-1/2

[Event "ZMDI Open 2014"]
[Site "Dresden GER"]
[Date "2014.08.20"]
[Round "6.36"]
[White "Schoenwaelder, Bernd"]
[Black "Hart, Martin"]
[Result "1/2-1/2"]
[WhiteElo "2101"]
[BlackElo "2155"]
[WhiteFideId "24601322"]
[BlackFideId "1005944"]
[EventDate "2014.08.15"]

1. Nf3 e6 2. b3 Nf6 3. Bb2 d5 4. c4 c5 5. e3 Be7 6. Be2 O-O 7. O-O Nc6 8. d4 b6
9. Nbd2 Bb7 10. Rc1 Rc8 11. dxc5 1/2-1/2

[Event "ZMDI Open 2014"]
[Site "Dresden GER"]
[Date "2014.08.20"]
[Round "6.37"]
[White "Knaak, Joachim"]
[Black "Martinsen, Stig K"]
[Result "1-0"]
[WhiteElo "2150"]
[BlackElo "2105"]
[WhiteFideId "12921009"]
[BlackFideId "1502824"]
[EventDate "2014.08.15"]

1. d4 Nf6 2. c4 c5 3. d5 b5 4. cxb5 a6 5. b6 Qxb6 6. Nc3 d6 7. e4 g6 8. Nf3 Bg4
9. Be2 Bxf3 10. Bxf3 Nbd7 11. O-O Bg7 12. Re1 O-O 13. Qc2 Rab8 14. Rb1 Ne8 15.
Bg5 Qd8 16. Be2 Nc7 17. a4 Re8 18. Rbd1 Rb4 19. Bf1 Qb8 20. Rb1 Qb6 21. Bd2 Qb8
22. h3 Nf6 23. Nd1 Rb7 24. Ne3 e6 25. Nc4 Qd8 26. dxe6 Nxe6 27. Ba5 Qd7 28. e5
Nd4 29. Qd1 dxe5 30. Nxe5 Qd6 31. Nc4 Rxe1 32. Qxe1 Qc6 33. Qd1 Nd5 34. Bd2 Nb3
35. Be1 Bd4 36. Qf3 Ne7 37. Qxc6 Nxc6 38. g3 Re7 39. Kg2 Re6 40. Na3 Nca5 41.
Nc2 Bg7 42. Ne3 Re4 43. Bxa5 Nxa5 44. b3 Re6 45. Nd5 Rd6 46. Bc4 Nc6 47. Re1 Nb4
48. Nc7 Bf8 49. Re8 Rc6 50. Nd5 Kg7 51. Ra8 Rd6 52. Nc7 Rd2 53. Nxa6 Nd3 54.
Bxd3 Rxd3 55. Rb8 Rd7 56. Rb5 Rd3 57. Nc7 Be7 58. a5 Rd7 59. Rb7 Rd8 60. a6 1-0

[Event "ZMDI Open 2014"]
[Site "Dresden GER"]
[Date "2014.08.20"]
[Round "6.38"]
[White "Mokal, Amruta Sunil"]
[Black "Budzyn, Matthias"]
[Result "0-1"]
[WhiteElo "2056"]
[BlackElo "2145"]
[WhiteFideId "5016371"]
[BlackFideId "24600636"]
[EventDate "2014.08.15"]

1. e4 e5 2. Nf3 Nc6 3. d4 exd4 4. Nxd4 Nf6 5. Nc3 Bb4 6. Nxc6 bxc6 7. Bd3 d5 8.
exd5 O-O 9. O-O cxd5 10. h3 h6 11. Qf3 c6 12. Bf4 Bd6 13. Rfe1 Rb8 14. b3 Be6
15. Ne2 c5 16. Rad1 Re8 17. c4 d4 18. Bc2 Bxf4 19. Nxf4 Bd7 20. Qd3 Qa5 21. Kf1
Rxe1+ 22. Rxe1 Re8 23. Rxe8+ Bxe8 24. Bb1 Bc6 25. f3 Qc7 26. Qd2 g5 27. Nd3 Qh2
28. Ne1 Bd7 29. Qa5 Bxh3 30. gxh3 Nh5 31. Ng2 Qh1+ 32. Kf2 Qxb1 33. Qxa7 Qc2+
34. Kg1 Qd1+ 35. Kh2 Qxf3 36. Qxc5 Qg3+ 37. Kh1 Qxh3+ 38. Kg1 Qg4 39. Kf2 Nf6
40. Qe5 Ne4+ 41. Kf1 Nd2+ 42. Kf2 Qf3+ 43. Ke1 Qxg2 44. Qe2 Nf3+ 45. Kd1 Qg1+
46. Kc2 g4 47. a4 Qa1 48. Qg2 Qa2+ 0-1

[Event "ZMDI Open 2014"]
[Site "Dresden GER"]
[Date "2014.08.20"]
[Round "6.39"]
[White "Lipinsky, Markus"]
[Black "Gungl, Theo"]
[Result "1-0"]
[WhiteElo "2142"]
[BlackElo "2054"]
[WhiteFideId "4639820"]
[BlackFideId "24695653"]
[EventDate "2014.08.15"]

1. d4 d5 2. c4 c6 3. Nf3 Nf6 4. e3 e6 5. Nc3 Nbd7 6. Bd3 dxc4 7. Bxc4 b5 8. Bd3
Bb7 9. O-O a6 10. a4 b4 11. Ne4 a5 12. Re1 Be7 13. Nxf6+ Bxf6 14. e4 Be7 15. Bf4
O-O 16. Qe2 Re8 17. Rad1 Nf8 18. Qe3 Ng6 19. Bg3 Rc8 20. e5 Qc7 21. h4 c5 22. h5
Nf8 23. Ng5 Bxg5 24. Qxg5 Qe7 25. Qxe7 Rxe7 26. dxc5 Rxc5 27. Bh4 Re8 28. f4 Bd5
29. Bf2 Rcc8 30. Bb6 Ra8 31. Bb5 Reb8 32. Bc7 Rb7 33. Rc1 Raa7 34. Bd6 Ra8 35.
Rc7 Rxc7 36. Bxc7 f6 37. Rc1 Kf7 38. Rc5 fxe5 39. fxe5 Ke7 40. Bd3 Nd7 41. Rxa5
Rxa5 42. Bxa5 b3 43. Bc7 Kf7 44. Bxh7 Nc5 45. Bg6+ Kg8 46. Bb6 Ne4 47. Be3 Ng3
48. Kf2 Nf5 49. Bg5 Nd4 50. a5 Nc6 51. a6 Nxe5 52. Bb1 Nc4 53. Bc1 Kf8 54. a7
Nb6 55. Be3 Na8 56. Bd4 Nc7 57. g4 Nb5 58. Ke3 Kf7 59. Be4 Nc7 60. Bxd5 exd5 61.
Kd3 g6 62. h6 1-0

[Event "ZMDI Open 2014"]
[Site "Dresden GER"]
[Date "2014.08.20"]
[Round "6.40"]
[White "Hamm, Georg"]
[Black "Hansch, Stephan"]
[Result "1/2-1/2"]
[WhiteElo "2139"]
[BlackElo "2044"]
[WhiteFideId "4698460"]
[BlackFideId "24692514"]
[EventDate "2014.08.15"]

1. e4 c5 2. d3 Nc6 3. Nf3 g6 4. g3 Bg7 5. Bg2 Nf6 6. O-O O-O 7. Nbd2 d5 8. c3
dxe4 9. dxe4 Ng4 10. Qe2 Nge5 11. Ne1 b6 12. f4 Nd7 13. e5 Ndb8 14. Nc4 Bb7 15.
Nf3 b5 16. Rd1 Qc8 17. Ne3 c4 18. Ng5 Nd8 19. Nd5 Nbc6 20. a4 e6 21. axb5 exd5
22. bxc6 Bxc6 23. Bxd5 Bxd5 24. Rxd5 Ne6 25. Ne4 Qb7 26. Raa5 Rad8 27. Nd6 Qc7
28. Be3 f6 29. Qxc4 fxe5 30. fxe5 Bxe5 31. Rxe5 Rxd6 32. Qxc7 Rd1+ 33. Kg2 Nxc7
34. Rxa7 Rf7 35. Bh6 Rfd7 36. Rc5 Ne6 37. Rxd7 Rxd7 38. Rc8+ Kf7 39. b4 g5 40.
h4 Kg6 41. Bxg5 Nxg5 42. hxg5 Kxg5 43. Rc5+ Kg4 44. Rc4+ Kf5 45. b5 Rb7 46. Rb4
Ke5 47. c4 Kd4 48. Kh3 Kc3 49. Rb1 Kxc4 50. Kg4 Rxb5 51. Rxb5 Kxb5 52. Kg5 Kc5
53. Kh6 Kd5 54. Kxh7 Ke4 1/2-1/2

[Event "ZMDI Open 2014"]
[Site "Dresden GER"]
[Date "2014.08.20"]
[Round "6.41"]
[White "Juergens, Klaus"]
[Black "Pererva, Viktor"]
[Result "0-1"]
[WhiteElo "2131"]
[BlackElo "2053"]
[WhiteFideId "4631714"]
[BlackFideId "24696463"]
[EventDate "2014.08.15"]

1. Nf3 d5 2. c4 c6 3. e3 Nf6 4. Nc3 Nbd7 5. b3 e5 6. cxd5 cxd5 7. Bb2 Bd6 8. Nb5
Bb8 9. Ba3 Nb6 10. Qc2 a6 11. Bc5 Be6 12. Na3 Bd6 13. d4 e4 14. Nd2 Rc8 15. b4
O-O 16. Nb3 Na4 17. Qd2 Nxc5 18. dxc5 Be5 19. Rc1 Qd7 20. Nc2 Ng4 21. h3 Nh6 22.
Ncd4 f5 23. g3 Qf7 24. a4 g5 25. Nxe6 Qxe6 26. Rd1 Rcd8 27. Rg1 Qf6 28. Nd4 Kh8
29. Ne2 f4 30. gxf4 gxf4 31. exf4 d4 32. Rg2 Nf5 33. fxe5 Nh4 34. Ng1 Nxg2+ 35.
Bxg2 Qxe5 36. Ne2 Qh2 37. Qg5 d3 38. b5 Rde8 39. Nd4 Qg1+ 40. Kd2 Rxf2+ 41. Kc1
Qxg2 42. Qxg2 Rxg2 43. c6 bxc6 44. bxc6 e3 45. Rxd3 e2 46. Nxe2 Rgxe2 47. c7 Rc8 0-1

[Event "ZMDI Open 2014"]
[Site "Dresden GER"]
[Date "2014.08.20"]
[Round "6.42"]
[White "Oehl, Tim"]
[Black "Sand, Rolf"]
[Result "1/2-1/2"]
[WhiteElo "2120"]
[BlackElo "1958"]
[WhiteFideId "12920967"]
[BlackFideId "4610334"]
[EventDate "2014.08.15"]

1. c4 c5 2. Nc3 Nc6 3. g3 g6 4. Bg2 Bg7 5. Nf3 e6 6. O-O Nge7 7. e3 O-O 8. d4
cxd4 9. Nxd4 Nxd4 10. exd4 d5 11. cxd5 Nxd5 12. Nxd5 exd5 13. Be3 Be6 14. Qb3
Qd7 15. Rac1 Rac8 16. Qa3 a6 17. Qa5 Qe8 18. Qb4 Qd7 19. b3 Rxc1 20. Rxc1 Rc8
21. Rxc8+ Qxc8 22. Qc5 Qd7 23. Bf4 Bf8 24. Qc7 Qxc7 25. Bxc7 Bb4 26. Kf1 Kf8 27.
Bb6 Ke8 28. Ke2 Kd7 29. Ke3 Kc6 30. Bd8 h5 31. Bf1 Bf5 32. Bd3 Bxd3 33. Kxd3 Bd6
34. Bg5 Kd7 35. h3 Ke6 36. g4 1/2-1/2

[Event "ZMDI Open 2014"]
[Site "Dresden GER"]
[Date "2014.08.20"]
[Round "6.43"]
[White "Herbrig, Alexander"]
[Black "Sponheim, Marko"]
[Result "1-0"]
[WhiteElo "1880"]
[BlackElo "2118"]
[WhiteFideId "12952044"]
[BlackFideId "24676314"]
[EventDate "2014.08.15"]

1. e4 c5 2. Nf3 d6 3. d4 cxd4 4. Nxd4 Nf6 5. Nc3 a6 6. Be3 e5 7. Nb3 Be6 8. f3
h5 9. Qd2 Nbd7 10. Nd5 Bxd5 11. exd5 Be7 12. Na5 Qc7 13. c4 O-O 14. Be2 Rfe8 15.
O-O Bf8 16. b4 b6 17. Nb3 a5 18. a3 a4 19. Nc1 g6 20. Na2 Bg7 21. Nc3 e4 22. Nb5
Qb8 23. f4 Ng4 24. Bxg4 hxg4 25. Rab1 Nf6 26. g3 Qd8 27. Rfd1 Rc8 28. Rbc1 Rb8
29. Nd4 Qc7 30. Nc6 Ra8 31. Nd4 Qd8 32. Nb5 Bf8 33. Qc2 Qb8 34. Rb1 Rc8 35. Rbc1
Qb7 36. Qd2 Rab8 37. Nd4 Ra8 38. Nc6 b5 39. Bd4 Nd7 40. c5 Re8 41. Na5 Qxd5 42.
c6 Nb8 43. Qc3 Na6 44. Bb6 Qe6 45. Qd4 Rac8 46. Qd5 Nc7 47. Bxc7 Rxc7 48. Qxb5
e3 49. Qe2 d5 50. Rd3 Ra7 51. Nb7 Bg7 52. b5 d4 53. Nc5 Qd6 54. b6 Raa8 55. b7
Ra7 56. Nd7 Rxb7 57. cxb7 Qxd7 58. Rb1 Rb8 59. Qxe3 Rxb7 60. Rxb7 Qxb7 61. Qe8+
Bf8 62. Qxa4 Qb2 63. Qb3 Qa1+ 64. Rd1 Qxa3 65. Qxa3 Bxa3 66. Kf1 Bc5 67. Ke2 Kg7
68. Rc1 Bb6 69. Kd3 Ba7 70. Rc7 Bb6 71. Rc6 Ba7 72. Ra6 Bc5 73. Kc4 Be7 74. Kxd4
Bf6+ 75. Ke4 Bc3 76. Rc6 f5+ 77. Kd5 Be1 78. Ke6 Bf2 79. Rc7+ Kh6 80. Kf7 g5 81.
Rc6+ Kh5 82. Kg7 gxf4 83. gxf4 g3 84. h3 1-0

[Event "ZMDI Open 2014"]
[Site "Dresden GER"]
[Date "2014.08.20"]
[Round "6.44"]
[White "Rudolf, Thomas"]
[Black "Weber, Benedikt"]
[Result "1-0"]
[WhiteElo "2080"]
[BlackElo "1947"]
[WhiteFideId "24674559"]
[BlackFideId "12934976"]
[EventDate "2014.08.15"]

1. d4 Nf6 2. Nf3 e6 3. Bf4 b6 4. e3 Be7 5. h3 Bb7 6. Nbd2 O-O 7. Bd3 c5 8. c3 d5
9. Qb1 Nbd7 10. O-O Re8 11. a4 a6 12. Bh2 Nf8 13. Ne5 N6d7 14. f4 f5 15. g4 g6
16. Qe1 Nf6 17. g5 Ne4 18. h4 Nd7 19. Ndf3 Nxe5 20. Nxe5 Bd6 21. Qe2 Qc7 22. Kg2
Ra7 23. Bg3 Bxe5 24. fxe5 a5 25. Bf4 Qc8 26. Bxe4 dxe4 27. Rh1 Ba6 28. Qd2 Bd3
29. h5 Rg7 30. Rh2 Qc6 31. Kf2 Rc8 32. hxg6 hxg6 33. Rah1 Kf7 34. Qd1 Ba6 35.
Rh8 Bb7 36. Rxc8 Bxc8 37. b3 c4 38. b4 axb4 39. cxb4 c3 40. Qb3 Kg8 41. b5 Qd5
42. Qxd5 exd5 43. e6 Bxe6 44. Rc1 Ra7 45. Rxc3 Rxa4 46. Rc6 Bd7 47. Rxg6+ Kf7
48. Rxb6 Ra2+ 49. Kg3 Rb2 50. Rf6+ Kg8 51. b6 Bc8 52. Be5 Rb1 53. g6 Rg1+ 54.
Kf2 Rg4 55. Rd6 1-0

[Event "ZMDI Open 2014"]
[Site "Dresden GER"]
[Date "2014.08.20"]
[Round "6.45"]
[White "Mueller, Daniel"]
[Black "Nguyen, Huy Dat"]
[Result "1/2-1/2"]
[WhiteElo "2087"]
[BlackElo "1909"]
[WhiteFideId "24612960"]
[BlackFideId "12923486"]
[EventDate "2014.08.15"]

1. d4 Nf6 2. g3 d5 3. Nf3 c6 4. Bg2 Bf5 5. O-O h6 6. Nbd2 e6 7. c4 Be7 8. a3 O-O
9. b4 Nbd7 10. Bb2 a5 11. Qb3 axb4 12. axb4 Qb6 13. c5 Qb5 14. e3 Qd3 15. Rfc1
Qxb3 16. Nxb3 Bd3 17. Na5 Rfb8 18. Ra3 Be2 19. Nd2 Ne8 20. Rca1 Nc7 21. f3 Kf8
22. Kf2 Bb5 23. Bf1 Ke8 24. e4 b6 25. Bxb5 cxb5 26. Nc6 Rxa3 27. Rxa3 Ra8 28.
Rxa8+ Nxa8 29. exd5 exd5 30. Nxe7 Kxe7 31. Nb1 Nc7 32. Nc3 Ke6 33. Bc1 bxc5 34.
dxc5 Ne5 35. Ke2 1/2-1/2

[Event "ZMDI Open 2014"]
[Site "Dresden GER"]
[Date "2014.08.20"]
[Round "6.46"]
[White "Schwarz, Larissa"]
[Black "Kleibaumhueter, Klaus"]
[Result "1/2-1/2"]
[WhiteElo "1933"]
[BlackElo "2066"]
[WhiteFideId "24699004"]
[BlackFideId "4626540"]
[EventDate "2014.08.15"]

1. e4 e6 2. d4 d5 3. Nd2 c5 4. exd5 Qxd5 5. Ngf3 cxd4 6. Bc4 Qd6 7. O-O Nf6 8.
Nb3 Nc6 9. Nbxd4 Nxd4 10. Nxd4 Be7 11. c3 a6 12. Qf3 Qc7 13. Bb3 Bd6 14. h3 Bd7
15. Bg5 Be5 16. Rfe1 O-O-O 17. Qe2 Bh2+ 18. Kh1 Bf4 19. Bxf4 Qxf4 20. Qf3 Qc7
21. Qe3 h5 22. Kg1 h4 23. Qe5 Rh5 24. Qxc7+ Kxc7 25. Bd1 Rhh8 26. Nf3 Be8 27.
Re5 Rd5 28. Rxd5 Nxd5 29. Bc2 Nf4 30. Re1 f6 31. Nd4 Bd7 32. Nb3 e5 33. Nc5 Bc6
34. Be4 Rd8 35. Bxc6 Kxc6 36. Nb3 b6 37. Kf1 Rd6 38. Nc1 b5 39. Nb3 Kb6 40. Nc1
a5 41. Ne2 Nd5 1/2-1/2

[Event "ZMDI Open 2014"]
[Site "Dresden GER"]
[Date "2014.08.20"]
[Round "6.47"]
[White "Hoffmann, Tim2"]
[Black "Gehrmann, Ulrich"]
[Result "1-0"]
[WhiteElo "1961"]
[BlackElo "2052"]
[WhiteFideId "12900338"]
[BlackFideId "24653659"]
[EventDate "2014.08.15"]

1. e4 c5 2. Nf3 e6 3. d4 cxd4 4. Nxd4 Nc6 5. Nc3 Qc7 6. Be3 a6 7. Qd2 Nf6 8. f3
d5 9. exd5 Nxd5 10. Nxd5 exd5 11. c3 Bd6 12. O-O-O O-O 13. Kb1 Be6 14. f4 Rac8
15. Nxe6 fxe6 16. g3 Ne7 17. Bh3 Nf5 18. Rhe1 Qf7 19. Bd4 Rfe8 20. Qd3 Nxd4 21.
Qxd4 Rc4 22. Qd3 Rc6 23. f5 e5 24. Bg2 e4 25. Qxd5 Qxd5 26. Rxd5 Bf8 27. Rxe4
Rxe4 28. Bxe4 Rc7 29. Kc2 Kf7 30. Kd3 h6 31. a3 b6 32. c4 Ke8 33. b4 Rd7 34.
Rxd7 Kxd7 35. Kd4 Be7 36. Kd5 a5 37. bxa5 bxa5 38. c5 Bf6 39. a4 Bc3 40. c6+ Kc7
41. Ke6 Bf6 42. g4 Bd8 43. Kf7 Bf6 44. h4 Kd6 45. g5 hxg5 46. hxg5 1-0

[Event "ZMDI Open 2014"]
[Site "Dresden GER"]
[Date "2014.08.20"]
[Round "6.49"]
[White "Wilhelm, Till"]
[Black "Schellmann, Frank"]
[Result "1-0"]
[BlackTitle "CM"]
[WhiteElo "2013"]
[BlackElo "2090"]
[WhiteFideId "12942391"]
[BlackFideId "4669916"]
[EventDate "2014.08.15"]

1. d4 f5 2. e4 fxe4 3. Nc3 Nf6 4. Bg5 Nc6 5. d5 Ne5 6. Qd4 Nf7 7. Bxf6 exf6 8.
O-O-O Be7 9. f3 exf3 10. Nxf3 O-O 11. Bd3 d6 12. g4 Ne5 13. Nxe5 fxe5 14. Qe4 g6
15. Rdf1 Rf4 16. Rxf4 exf4 17. Kb1 Bxg4 18. Qxf4 Bh5 19. Rf1 Bg5 20. Qf7+ Kh8
21. Ne4 Qe7 22. Nxg5 Qxg5 23. Qxc7 Re8 24. Qxd6 Bf3 25. b3 Rd8 26. Qb4 Bxd5 27.
Rf8+ Rxf8 28. Qxf8+ Bg8 29. Bc4 Qg1+ 30. Kb2 Qd4+ 31. c3 Qg7 32. Qb8 h5 33. h4
g5 34. Qe8 Qh7 35. Bxg8 Qxg8 36. Qxh5+ Kg7 37. Qxg5+ Kf8 1-0